| 000 | 00670 a2200229 4500 | ||
|---|---|---|---|
| 005 | 20240802113811.0 | ||
| 008 | 080819t xxu||||| |||| 00| 0 eng d | ||
| 010 | _aENG-141132 | ||
| 020 |
_a9789390961702 _c399.00 |
||
| 035 | _aEN-124664 | ||
| 037 | _bDBAD | ||
| 040 |
_adpl _bEnglish |
||
| 082 |
_aN _21 |
||
| 100 |
_aPrasad, Shubira _969274 |
||
| 245 |
_aThe Kumbh Conspiracy/ _cBy Shubira Prasad |
||
| 250 | _a1 | ||
| 260 |
_aNew Delhi _bVitasta Publishing _c2023 |
||
| 270 |
_a2/15, Ist Floor, Ansari Road, Darya Ganj _bNew Delhi _cDelhi _e110002 |
||
| 300 |
_a312p. _c20cm(pb) |
||
| 650 |
_aBiography _xpolitical _969275 |
||
| 942 |
_adpl _cEN _2ddc _hN _mPRA _e1 |
||
| 999 |
_c204711 _d204711 |
||